| 000 -LEADER |
| fixed length control field |
00619cam a22001697a 4500 |
| 008 - FIXED-LENGTH DATA ELEMENTS--GENERAL INFORMATION |
| fixed length control field |
180718b1973 xxu||||| |||| 00| 0 eng d |
| 082 ## - DEWEY DECIMAL CLASSIFICATION NUMBER |
| Classification number |
L203x54 M295/1973 (R) |
| 100 ## - MAIN ENTRY--PERSONAL NAME |
| Personal name |
Manchanda, S.C. |
| 245 ## - TITLE STATEMENT |
| Title |
Encyclopaedia of current taxation laws (as amended up -to-date) with Black Money Bill viz. The Taxation Laws (Amendment) Bill. 1973. (No.34 of 1973) |
| Statement of responsibility, etc. |
by S.C. Manchanda and Jagdish Lal |
| 250 ## - EDITION STATEMENT |
| Edition statement |
3rd ed. |
| 260 ## - PUBLICATION, DISTRIBUTION, ETC. |
| Place of publication, distribution, etc. |
Delhi |
| Name of publisher, distributor, etc. |
Law Home |
| Date of publication, distribution, etc. |
1973 |
| 650 ## - SUBJECT ADDED ENTRY--TOPICAL TERM |
| Topical term or geographic name entry element |
Gift Tax - India |
| 650 ## - SUBJECT ADDED ENTRY--TOPICAL TERM |
| Topical term or geographic name entry element |
Estate Tax - India |
| 650 ## - SUBJECT ADDED ENTRY--TOPICAL TERM |
| Topical term or geographic name entry element |
Income Tax - India |
| 650 ## - SUBJECT ADDED ENTRY--TOPICAL TERM |
| Topical term or geographic name entry element |
Taxation - India - Legislation |
| 700 ## - ADDED ENTRY--PERSONAL NAME |
| Personal name |
Jagdish Lal |